Biblioteca

Story of christianity : (Registro nro. 65560)

Detalles MARC
000 -LÍDER
Campo fijo de descripción fija 02163nam a2200361 i 4500
001 - NÚMERO DE CONTROL
Campo de control 768714001
003 - IDENTIFICADOR DEL NÚMERO DE CONTROL
Campo de control CO-MdFUSB
005 - FECHA Y HORA DE LA ULTIMA TRANSACCIÓN
control field 20200827095125.0
007 - CAMPO FIJO DE DESCRIPCIÓN FIJA--INFORMACIÓN GENERAL
Campo fijo de descripción fija ta
008 - ELEMENTOS DE LONGITUD FIJA -- INFORMACIÓN GENERAL
Campo fijo de descripción fija -- Información general 200330t2010 maua|||| |||| 00| 0 eng d
020 ## - NÚMERO INTERNACIONAL NORMALIZADO PARA LIBROS
Número Internacional Normalizado del libro 9781565635227
040 ## - FUENTE DE CATALOGACIÓN
Agencia de catalogación original CO-MdFUSB
Idioma de catalogación spa
Agencia que realiza la transcripción CO-MdFUSB
Agencia que realiza la modificación CO-MdFUSBC
Convenciones de la descripción rda
041 ## - CÓDIGO DE IDIOMA
Código de idioma para texto/pista de sonido o título separado eng
082 ## - NÚMERO DE CLASIFICACIÓN DECIMAL DEWEY
Número de la edición del Dewey 23
Número de clasificación 270
Clave de autor-Numero de item G643
100 1# - ASIENTO PRINCIPAL--NOMBRE PERSONAL
Nombre personal González, Justo L.,
Fechas asociadas con el nombre 1937-
Término relacionador autor
245 1# - TÍTULO
Título del Material Story of christianity :
Parte restante del título - Subtitulo The early church to the present day.
Mención de responsabilidad, etc. / Justo González
264 #1 - PRODUCCIÓN, PUBLICACIÓN, DISTRIBUCIÓN, MANUFACTURA, Y COPYRIGHT
Lugar de producción, publicación, distribución, manufactura Estados Unidos :
Nombre del productor, publicador, distribuidor Prince Press,
Fecha de producción, publicación, distribución, manufactura, o copyright [2010]
264 #4 - PRODUCCIÓN, PUBLICACIÓN, DISTRIBUCIÓN, MANUFACTURA, Y COPYRIGHT
Fecha de producción, publicación, distribución, manufactura, o copyright © 2010
300 ## - DESCRIPCIÓN FÍSICA
Extensión 419 páginas
Dimensiones ; 24 cm
336 ## - TIPO DE CONTENIDO
Fuente rdacontent
Término de tipo de contenido texto
Código de tipo de contenido txt
337 ## - TIPO DE MEDIO
Fuente rdamedia
Nombre del tipo de medio sin mediación
Código del tipo de medio n
338 ## - TIPO DE SOPORTE
Fuente rdacarrier
Nombre del tipo de soporte volumen
Código Tipo de soporte nc
500 ## - NOTA GENERAL
Nota General Colección Dawn Christina Harrell<br/>
505 ## - NOTA DE CONTENIDO
Nota de contenido con formato preestablecido Parte 1: La iglesia primitiva: La plenitud del tiempo. -- La iglesia de Jerusalén. -- Misión a los gentiles. -- Primero conflictos con el estado. -- Persecución en el siglo II. -- La defensa de la fe. -- El depósito de la fe. -- Los maestros de la iglesia. -- Persecución en el siglo III. -- Vida cristiana. -- La gran persecución y la victoria final.
505 ## - NOTA DE CONTENIDO
Nota de contenido con formato preestablecido Parte 2: La iglesia imperial: Constantino. -- Teología oficial: Eusebio de Cesarea. -- La relación monástica. -- La reacción cismática: el donatismo. -- La controversia ariana y el concilio de Nicea. -- La reacción pagana: Julián el apóstata. -- Atanasio de Alejandría.<br/>Los grandes Capadocios. -- Ambrosio de Milán. -- Juan Crisóstomo. -- Jerome. -- Agustín de Hipona. -- El fin de una era.
505 ## - NOTA DE CONTENIDO
Nota de contenido con formato preestablecido Parte 3: El cristianismo medieval: el nuevo orden. -- Cristianismo oriental. -- Restauración imperial y decadencia continua. -- Movimientos de Renovación. -- La ofensiva contra el Islam. -- la edad de oro del cristianismo medieval. -- El colapso. -- En busca de una reforma. -- Renacimiento y humanismo.
505 ## - NOTA DE CONTENIDO
Nota de contenido con formato preestablecido Parte 4:Los inicios del cristianismo colonial: España y el nuevo mundo. -- La empresa portuguesa.
563 ## - NOTA DE ENCUADERNACIÓN
Nota de encuadernación Rústico
650 #0 - ASIENTO SECUNDARIO DE MATERIA - TERMINO TEMÁTICO
9 (RLIN) 153
Término temático o nombre geográfico como elemento de entrada Historia de la Iglesia
942 ## - TIPO DE MATERIAL (KOHA)
Tipo de Item KOHA Libros General
945 ## - INFORMACIÓN LOCAL DEL REGISTRO
Catalogador JTF-925
Revisión registro AEM-53
Existencias
Estado de Material Estado de Perdido Forma de Clasificación Estado de Dañado No para Préstamo Colección Biblioteca de Origen Biblioteca Permanente Fecha de Adquisición Forma de Adquisición Área Total de Préstamos Total de Renovaciones Signatura Topográfica Código de Barras Última vez visto Última vez Préstado Ejemplar/Existencia Fecha de Remplazo Tipo de Material
    Dewey Decimal Classification     Colección General Biblioteca FUSBC Biblioteca FUSBC 30/03/2020 Colección Dawn Christina Harrell HISTORIA DEL CRISTIANISMO 1 1 G 270 G643s 21277 29/10/2025 14/07/2021 Vol.1, ej.1 30/03/2020 Libros General

Biblioteca FUSBC | Teléfono: (57+4) 349 88 10 Ext. 141| WhatsApp (+57) 3005338115 
E-mail: biblioteca@unisbc.edu.co | Calle 76 87-14 Robledo Palenque, Medellín, Colombia

Con tecnología Koha